000
00307nam a22001457a 4500
008
210511b ||||| |||| 00| 0 eng d
020
_a
9780844258843
041
_a
eng
080
_a
82
082
_a
82
100
_a
21
101
_a
GJL
245
_a
Diverse Identities
_c
Lester,J.D
942
_2
udc
_c
BK
999
_c
57138
_d
57138